Olympiasieger im Dressurreiten (Mannschaft) - Statistiken

Allgemein
  • Dieses Quiz wurde 72 mal gespielt
  • Das Durchschnittsergebnis liegt bei 20 aus 21
Antwortstatistiken
Jahr Austragungsort Goldmedaille % Korrekt
1976 Montreal BRD
100%
1984 Los Angeles BRD
100%
1988 Seoul BRD
100%
1928 Amsterdam Deutschland
100%
1936 Berlin Deutschland
100%
1964 Tokio Deutschland
100%
1968 Mexiko-Stadt Deutschland
100%
1992 Barcelona Deutschland
100%
1996 Atlanta Deutschland
100%
2000 Sydney Deutschland
100%
2004 Athen Deutschland
100%
2016 Rio de Janeiro Deutschland
100%
2021 Tokio Deutschland
100%
2024 Paris Deutschland
100%
2012 London Großbritannien
95%
1952 Helsinki Schweden
86%
1956* Stockholm Schweden
86%
1932 Los Angeles Frankreich
84%
1948 London Frankreich
84%
1972 München Sowjetunion
81%
1980 Moskau Sowjetunion
81%
Keine übereinstimmenden Quizze gefunden
Verteilung der Resultate
Anzahl Personen mit jedem Resultat
Perzentil nach korrekt beantworteten Fragen
Ihre Resultats-Entwicklung
Sie haben dieses Quiz noch nicht gespielt